000 00388nam a22001457a 4500
003 OSt
005 20160727222412.0
008 160624b xxu||||| |||| 00| 0 eng d
040 _cTEST
100 _91013
_aNanda, M
245 _aDirectory of Engineering Colleges in India
260 _aNEW DELHI
_bCOSMOS BOOKHIVE
300 _aDirectory of Engineering Colleges in India
942 _2ddc
_cBK
999 _c809
_d809